Přehled vývoje fotografie v Praze v letech 1839 - 1918 /

Main Author: Scheufler, Pavel, 1950-
Corporate Author: Akademie múzických umění v Praze. Filmová a televizní fakulta
Language: Czech
Published: Praha : Státní pedagogické nakladatelství, 1987-1991
Edition: 1. vyd.
Physical Description: 2 sv.
Subscribed volumes: 1-2
Book
Saved in:
LEADER 01476nam a22003732aa4500
001 000194155
003 CZ BrMZK
005 20180510135931.0
007 ta
008 950101m19871991xr e p cze d
040 |a BOA001  |b cze 
043 |a e-xr---  |b e-xr-pg  |2 czenas 
072 7 |a 77  |x Fotografie. Fotografické postupy  |2 Konspekt  |9 21 
080 |a 77(091)  |2 MRF 
080 |a (437.311)  |2 MRF 
080 |a (075.8)  |2 MRF 
100 1 |a Scheufler, Pavel,  |d 1950-  |7 jn99240001047  |4 aut 
245 1 0 |a Přehled vývoje fotografie v Praze v letech 1839 - 1918 /  |c Pavel Scheufler 
250 |a 1. vyd. 
260 |a Praha :  |b Státní pedagogické nakladatelství,  |c 1987-1991 
300 |a 2 sv. 
504 |a Obsahuje bibliografii 
505 0 |a 1., 1839-1889. 1987. 101 s. -- 2., 1889-1918. 1991. 106 s. 
550 |a Vydavatel: Akademie múzických umění v Praze, Filmová a televizní fakulta 
650 0 7 |a dějiny fotografie  |7 ph163942  |2 czenas 
651 7 |a Praha (Česko)  |7 ge118011  |2 czenas 
655 7 |a učebnice vysokých škol  |7 fd133772  |2 czenas 
710 2 |a Akademie múzických umění v Praze.  |b Filmová a televizní fakulta  |7 kn20030210034 
910 |a BOA001  |b 2-0928.743  |s 1-2 
920 |a 000190309 
990 |a BK 
991 |b 200611 
996 7 |b 2619916244  |c 2-0928.743  |d 1.  |v 1  |l MZK  |r Sklad / do 1 hodiny  |n 11  |w 000194155  |u 000010  |a 1  |e BOA001  |j MZK50  |s A 
996 7 |b 2619942726  |c 2-0928.743  |d 2.  |v 2  |l MZK  |r Sklad / do 1 hodiny  |n 13  |w 000194155  |u 000020  |a 1  |e BOA001  |j MZK50  |s A